000 00537nam a2200181Ia 4500
008 090630s9999 xx 000 0 und d
082 _b25509
100 _aदेसाई माधवी.
245 _aदेवराई.
_cदेसाई माधवी.
260 _bदिलीप.
_c2006
300 _a168
600 _aदेसाई माधवी.
630 _aदेवराई.
655 _aलघुकथा.
700 _aदेसाई माधवी.
730 _aदेवराई.
942 _cBOOK
999 _c277365
_d277365